[Event "Stay Safe Play From Home 317"]
[Site "Emanuel Lasker Arena"]
[Date "2020.07.20"]
[Round "1"]
[White "Mepe_Nika"]
[Black "Buzaglo"]
[Result "1-0"]
[WhiteElo "2376"]
[BlackElo "1901"]
[Annotator "TA"]
[PlyCount "75"]
[EventDate "2020.07.20"]
[EventType "swiss (blitz)"]

{[%evp 9,74,16,45,30,75,54,91,92,91,54,78,35,47,35,94,47,56,56,67,44,69,83,92,94,124,125,131,122,370,274,283,270,346,345,345,346,385,403,396,391,424,329,383,396,402,360,437,430,431,410,397,336,1524,1496,1242,732,745,743,729,720,727,708,683,640,4914,4914,29999]} 1. g3 e6 2. Bg2 d5 3. c4 Ne7 4. Nf3 c6 {[#]} 5. O-O $146 ({Predecessor:} 5. Qc2 Ng6 6. d4 Bb4+ 7. Nbd2 O-O 8. O-O f5 9. e3 Nd7 10. a3 Be7 11. b4 {1-0 (35) Taha,A (1938)-Urab,A Kuwait 2014}) 5... Nd7 6. b3 {A13: English Opening: 1...e6.} Nf6 7. Bb2 dxc4 8. bxc4 {White is better.} Ng6 9. d3 Bd6 10. Nc3 O-O 11. Rb1 b6 (11... e5 $14) 12. e3 Bb7 13. Qe2 Rb8 14. d4 Bb4 15. Rfd1 c5 16. d5 exd5 17. Nxd5 Nxd5 18. cxd5 a5 $2 {This move loses the game for Black.} (18... Qd7 $16) 19. e4 c4 20. Qxc4 Bc5 21. Qc3 {[%csl Gb2][%cal Rc3g7]} f6 22. Nd4 Ne5 23. Ne6 {[%mdl 64] [#] Double Attack} Qe7 24. Nxf8 Rxf8 25. Bh3 Bc8 26. Bxc8 Rxc8 27. Kg2 Qf7 28. Qb3 Kh8 29. Bxe5 fxe5 30. d6 Rf8 $2 (30... Qxf2+ 31. Kh3 Rd8) 31. Qxf7 $18 Rxf7 {[%mdl 4096] Endgame KRR-KRB} 32. Rd2 Rd7 33. Rbd1 Kg8 34. f4 Kf7 35. fxe5 Ke6 36. Rd5 g6 37. Rf1 {[%csl Ge5][%cal Rf1f6] [#]} g5 38. Rf6# {Accuracy: White = 67%, Black = 37%.} 1-0

[Event "Stay Safe Play From Home 317"]
[Site "Emanuel Lasker Arena"]
[Date "2020.07.20"]
[Round "1"]
[White "N_KRISHNA TEJA"]
[Black "NTBT_DHS"]
[Result "0-1"]
[WhiteElo "2245"]
[BlackElo "2490"]
[Annotator "TA"]
[PlyCount "78"]
[EventDate "2020.07.20"]
[EventType "swiss (blitz)"]

{[%evp 12,77,-7,-25,7,6,6,-43,-22,-57,-41,-41,-31,-20,-5,-52,-52,-41,-29,-47,-27,-20,-14,-12,-20,-34,-38,-85,-24,-43,-11,-41,-7,-8,54,52,51,57,107,85,82,0,0,-18,0,0,7,-12,-12,-18,-17,-49,-8,-8,-8,-132,0,0,39,43,50,57,104,64,64,-29997,-29998,-29999]} 1. Nf3 g6 2. g3 Bg7 3. Bg2 d5 4. O-O Nf6 5. d4 O-O 6. b3 c5 7. Bb2 Na6 {A05: Réti Opening: 1 Nf3 Nf6.} 8. dxc5 Nxc5 {[#]} 9. c4 $146 ({Predecessor:} 9. Nbd2 b6 10. c4 Bb7 11. Rc1 dxc4 12. Rxc4 Rc8 13. Qa1 Ba6 14. Rd4 Qc7 15. Rc1 {1-0 (73) Sevian,S (2660)-Mekhitarian,K (2563) chess.com INT 2020}) 9... dxc4 {Black is slightly better.} 10. bxc4 Be6 11. Na3 Qxd1 12. Rfxd1 a6 13. Ne5 Rac8 14. Nd3 b6 15. Rab1 Na4 16. Bd4 Bxc4 17. Nxc4 Rxc4 18. Ne5 ({Don't blunder} 18. Bxb6 $2 Nc3 $19) 18... Rc2 19. a3 b5 (19... Rxe2 $17 {White should prevent ...Ne4.} 20. Nc6 e6) 20. e3 h5 21. Nc6 e6 22. Nb4 Rc7 ({Black should try} 22... Rcc8 $11) 23. Nxa6 $14 Rc2 24. Nb4 Rcc8 25. Rbc1 Ng4 {[#]} 26. Bxg7 (26. Nc6 $1 $16 {[%cal Rc6e7] Strongly threatening Ne7+.} Kh7 27. h3 Bxd4 28. Nxd4) 26... Kxg7 $11 27. Bb7 Rxc1 (27... Nc3 {seems wilder.} 28. Bxc8 Nxd1 29. Bxe6 Ndxf2 30. Bd7 Rb8) 28. Rxc1 Rd8 29. Bf3 Rd2 30. Bxg4 hxg4 {[%mdl 4096] Endgame KRN-KRN} 31. Rc7 Rd1+ 32. Kg2 Nb2 33. Nc6 (33. Rb7 $11) 33... Nc4 (33... Rc1 $17 {White must now prevent ...Nd3.} 34. Rc8 Kf6) 34. Nd4 Nd2 35. Nxe6+ Kf6 {( -> ...Nf3)} 36. Nd4 Ra1 37. Rc6+ (37. Nxb5 {leads to mate.} Nf3 38. Rxf7+ Kxf7 39. Nd6+ Kf8 40. h4 Rg1#) 37... Kg7 38. Nxb5 $2 {[%mdl 8192] [#]} (38. h3 $14) 38... Nf3 {[%csl Gf3][%cal Ra1g1]} 39. h3 Rg1# {Accuracy: White = 49%, Black = 57%.} 0-1

[Event "Stay Safe Play From Home 317"]
[Site "Emanuel Lasker Arena"]
[Date "2020.07.20"]
[Round "1"]
[White "Bardellosport"]
[Black "TheCHESSHOUSE"]
[Result "1-0"]
[WhiteElo "2062"]
[BlackElo "2088"]
[Annotator "TA"]
[PlyCount "93"]
[EventDate "2020.07.20"]
[EventType "swiss (blitz)"]

{[%evp 9,93,0,22,-21,-6,-65,2,-37,-39,-90,0,-28,-21,-466,-243,-234,0,0,3,0,0,-6,39,-468,-464,-425,-313,-319,-165,-149,-144,-169,376,377,385,369,372,364,292,-126,-120,-625,-624,-1061,-700,-1243,-1143,-6267,-6267,-5464,-5499,-2183,-1764,-5335,-1445,-6094,-1364,-1758,-1499,-1929,-1359,-5735,-5943,-29975,-29975,-29978,-29979,-29982,-29983,-29986,-29983,-29988,-29987,-29989,-29989,-29989,-29990,-29994,-29991,-29994,-29991,-29991,-29990,-29991,-29991,-29996]} 1. d4 Nf6 2. e3 g6 3. f4 Bg7 4. Nf3 d6 5. Bd3 O-O 6. Qe2 {A45: Trompowsky Attack.} c5 {[#]} 7. e4 $146 (7. dxc5 $11 dxc5 8. Nc3) ({Predecessor:} 7. c3 cxd4 8. cxd4 Nbd7 9. O-O Re8 10. f5 e5 11. fxg6 hxg6 12. dxe5 Nxe5 13. Nxe5 Rxe5 14. Nc3 Bd7 15. Qf3 Qe7 16. e4 Ng4 17. Qg3 Rh5 18. Be2 Bd4+ {0-1 (18) Vermunt,J (1830)-Mercier,L (1886) Metz 2010}) 7... b6 (7... Nh5 $15) 8. e5 {The position is equal.} Nd5 9. O-O ({White should try} 9. Be4 $15 e6 10. c4) 9... Bb7 (9... cxd4 $1 $17 10. c4 dxc3 11. Nxc3 Nxc3 12. bxc3 Qc7) 10. c3 Nc6 11. Nbd2 $2 {[%mdl 8192]} (11. Be4 $11 {and White is okay.} e6 12. Rd1) 11... dxe5 (11... Nxf4 $142 12. Qe3 Nxd3 13. Qxd3 dxe5) 12. fxe5 $19 e6 $2 (12... Nf4 $19 13. Qe3 Nxd3 14. Qxd3 cxd4 15. Nxd4 Nxe5) 13. Ne4 $11 cxd4 14. cxd4 Ndb4 15. Nd6 Qc7 16. Qf2 $2 {[%mdl 8192]} (16. Bc4 $14 {keeps the upper hand.}) 16... Nxd3 $19 17. Qh4 Nxc1 18. Raxc1 Rab8 (18... h6 $142 {Threatens to win with ...Rad8.} 19. Qe4 Rac8 $1 {[%mdl 512]}) 19. Ng5 {[%csl Gg5][%cal Rh4h7]} h6 20. Ngxf7 {[#]} Rxf7 $4 {[%mdl 8192]} (20... Qe7 $1 $19 {[%cal Re7h4] and life is good for Black.} 21. Nxh6+ Bxh6 22. Qxh6 Nxd4 23. Qxg6+ Qg7 24. Qxg7+ Kxg7 25. Rc7+ Kg6 26. Rf6+ (26. Rxf8 $2 Rxf8 27. h3 Bd5 $19) 26... Rxf6 27. exf6 Bd5) 21. Rxf7 $18 Qxf7 22. Nxf7 Kxf7 23. Rf1+ Kg8 24. g4 $2 (24. Qg4 $18 Re8 {[#]} 25. Rf6 $1 {[%mdl 512]} (25. Qxg6 Re7 $18)) 24... Nxd4 $17 {...Nf3+ is the strong threat.} 25. Qf2 $2 {[%mdl 8192]} (25. Qe7 $17 Nf3+ 26. Rxf3 Bxf3 27. Qxe6+ Kh7 28. h3) 25... Nf3+ $19 {[%mdl 64] Double Attack} 26. Kh1 Bxe5 {White must now prevent ...Ng5+.} 27. Rd1 Rf8 28. Qe2 Nd4+ 29. Qg2 Bxg2+ 30. Kxg2 g5 31. h3 Rf7 32. Re1 Bg7 33. Re4 e5 34. b3 Rd7 35. h4 Rc7 36. hxg5 hxg5 {Black mates.} 37. Kf2 Rc2+ 38. Ke1 Rxa2 39. Kd1 Kf7 40. Re3 Ke6 41. Rc3 Kd5 42. Rc8 Bf6 43. Rd8+ Ke4 44. Re8 Nf3 45. Kc1 Re2 46. Kb1 Nd4 47. Rxe5+ {[%mdl 32768] Accuracy: White = 25%, Black = 39%. . Loss on time!?} 1-0

[Event "Stay Safe Play From Home 317"]
[Site "Emanuel Lasker Arena"]
[Date "2020.07.20"]
[Round "1"]
[White "Greblha"]
[Black "Trotsky"]
[Result "1-0"]
[WhiteElo "1911"]
[BlackElo "1619"]
[Annotator "TA"]
[PlyCount "25"]
[EventDate "2020.07.20"]
[EventType "swiss (blitz)"]

{[%evp 9,25,84,102,-15,74,63,96,76,332,206,186,203,387,355,690,675,1519,1479]} 1. e4 c5 2. Nc3 e6 3. g3 d5 4. Bg2 Nc6 5. exd5 exd5 6. Nge2 {B23: Closed Sicilian: Lines without g3.} ({Better is} 6. Nxd5 $16 Bd6 7. d3) 6... Be6 (6... d4 $11 7. Nd5 Bd6) 7. d4 $16 c4 8. Nf4 {[%cal Rf4d5] [#] White is better.} a6 $146 {[%mdl 8192]} (8... Nf6 $16 {was worth a try.}) ({Predecessor:} 8... Bb4 9. Nxe6 Bxc3+ 10. bxc3 fxe6 11. Qg4 Qd7 12. Bh3 Nd8 13. Qh5+ Qf7 14. Qxf7+ Kxf7 {0-1 (50) Arias Velasco,J (2025)-Ayza Leon,D Barcelona 2001}) 9. Nxe6 ({Less strong is} 9. Bxd5 Bxd5 10. Nfxd5 Nge7 $16) 9... fxe6 {[#]} 10. O-O $1 {aiming for Re1.} h5 $2 (10... Nf6 11. Re1 Be7 12. Rxe6 O-O) 11. Re1 $18 Qd7 $2 (11... Nf6 12. Bg5 Kf7) 12. Nxd5 O-O-O 13. Nb6+ {[%mdl 64] Double Attack. Black got outplayed after the opening. Accuracy: White = 51%, Black =  0%.} 1-0

[Event "Stay Safe Play From Home 317"]
[Site "Emanuel Lasker Arena"]
[Date "2020.07.20"]
[Round "1"]
[White "NeatFox"]
[Black "Tran Minh Thang"]
[Result "0-1"]
[WhiteElo "1794"]
[BlackElo "2486"]
[Annotator "TA"]
[PlyCount "76"]
[EventDate "2020.07.20"]
[EventType "swiss (blitz)"]

{[%evp 9,76,-113,50,46,470,335,467,337,327,318,288,204,209,112,205,118,163,175,194,157,170,143,187,194,160,45,46,0,106,97,120,63,135,0,9,19,89,43,390,-141,-148,-196,-176,-203,-31,-58,-12,-251,-220,-29994,-218,-29995,-231,-223,-189,-182,-224,-223,-224,-203,-168,-167,-94,-207,-205,-203,-137,-1006,-976]} 1. g4 d5 2. Bg2 Bxg4 3. c4 c6 4. cxd5 cxd5 5. Qb3 Bd7 $2 (5... Nf6 $1 $17 6. Nc3 e6) 6. Bxd5 $14 {[%csl Gb3][%cal Rd5f7][%mdl 64] [#] Double Attack. A00: Irregular Openings.} Bc6 $146 {[%mdl 8192]} (6... e6 $14 7. Bxb7 Nc6 8. Bxa8 Qxa8) ({Predecessor:} 6... e6 7. Bxb7 Bc6 8. Bxa8 Bxa8 9. Nf3 Nd7 10. Rg1 Ngf6 11. d4 h6 12. Bf4 Nd5 {0-1 (47) Sloan,S-Eldridge,A Philadelphia 1996}) 7. Bxf7+ $18 {[%mdl 64] Double Attack} Kd7 8. Nf3 {White is clearly winning.} ({Not} 8. Bxg8 Bxh1 9. Be6+ Ke8 $16) 8... Nf6 9. Ne5+ Kc7 10. Nxc6 Nxc6 11. Be6 (11. d4 $1 $18 {[%cal Rd4d5]} Qxd4 12. Nc3) 11... g6 (11... Nd4 $16 {might work better.} 12. Qc4+ Kb8) 12. Bh3 (12. d4 $18 Qxd4 13. Nc3) 12... Bg7 13. Nc3 a6 14. Bg2 (14. Na4 $6 Nd4 $16) 14... Qd6 15. d3 Rad8 16. Be3 Kb8 17. Qb6 (17. Rc1 $16) 17... Nd7 $1 $14 {[%cal Rd7b6]} 18. Qb3 Nc5 (18... Nf6 $1 $11) 19. Bxc5 $16 Qxc5 20. Ne4 ({White should play} 20. O-O $16) 20... Qb5 (20... Qb4+ $14 21. Qxb4 Nxb4) 21. Qf7 ({Better is} 21. Qxb5 $16 axb5 22. O-O-O) 21... Bxb2 22. Rb1 Qa5+ (22... Rhf8 $11 {remains equal.} 23. Qxh7 Nd4) 23. Kf1 {Qb3 is the strong threat.} Rhf8 $2 {[%mdl 8192]} (23... Qa3 $14) 24. Qxh7 $2 (24. Qb3 $18) 24... Qxa2 $17 {[%cal Ra2b1]} 25. Re1 {[#]} Bd4 $1 26. Qxg6 Qd5 $2 (26... Ne5 $19 27. Qg3 Rg8) 27. Qg3+ $15 Ka8 28. Ng5 $2 {[#]} (28. h4 $11) 28... Qxg5 $1 $19 {[%mdl 576] Deflection} 29. Qxg5 $2 (29. e3 $19 Qxg3 30. hxg3) 29... Rxf2+ 30. Kg1 {Threatens to win with e3.} Rf5+ $2 (30... Rxe2+ $1 {mates} 31. Qe3 Bxe3+ {[%mdl 64] Discovered Attack} 32. Kf1 Rf2+ 33. Kg1 {[#]} Rg8 $1 {[%mdl 512]} 34. Rxe3 Rgxg2#) 31. e3 Rxg5 32. exd4 Rdg8 ({Resist} 32... Rxd4 33. h4 $17) 33. Re2 Nxd4 34. Ra2 Nf3+ 35. Kf1 Rf8 (35... Rf5 $19 {aiming for ...Nh4+.} 36. Rf2 Rgf8 37. Rxf3 Rxf3+ 38. Bxf3 Rxf3+ {[%mdl 64] Double Attack} 39. Kg2 Rxd3) 36. Bxf3 (36. Rf2 $17 {was the only chance.} Rgf5 37. Bxf3 Rxf3 38. Rxf3 Rxf3+ 39. Kg2 Rxd3 40. h4) 36... Rxf3+ {[%mdl 64] Double Attack} 37. Ke2 Rf6 {And now ...Rg2+ would win.} 38. Rf1 $2 {[%mdl 8192]} (38. Ra4 $17) 38... Rg2+ {Accuracy: White = 25%, Black = 50%.} 0-1

[Event "Stay Safe Play From Home 317"]
[Site "Emanuel Lasker Arena"]
[Date "2020.07.20"]
[Round "1"]
[White "Haris kollari 13"]
[Black "Little champs"]
[Result "0-1"]
[WhiteElo "1712"]
[BlackElo "2368"]
[Annotator "NA RC"]
[PlyCount "60"]
[EventDate "2020.07.20"]
[EventType "swiss (blitz)"]

1. e4 {[%emt 0:00:01]} c5 {[%emt 0:00:01]} 2. f4 {[%emt 0:00:01]} d6 {[%emt 0:00:01]} 3. Nf3 {[%emt 0:00:00]} Nc6 {[%emt 0:00:01]} 4. d4 {[%emt 0:00:01]} cxd4 {[%emt 0:00:01]} 5. Nxd4 {[%emt 0:00:00]} Nf6 {[%emt 0:00:00]} 6. Nc3 {[%emt 0:00:02]} Bg4 {[%emt 0:00:01]} 7. Be2 {[%emt 0:00:01]} Bxe2 {[%emt 0:00:01]} 8. Ndxe2 {[%emt 0:00:03]} Qb6 {[%emt 0:00:01]} 9. Qd3 {[%emt 0:00:03]} Nb4 {[%emt 0:00:02]} 10. Qd2 {[%emt 0:00:02]} Ng4 {[%emt 0:00:01]} 11. Ng3 {[%emt 0:00:03]} e6 {[%emt 0:00:03]} 12. a3 {[%emt 0:00:01]} Nc6 {[%emt 0:00:01]} 13. h3 {[%emt 0:00:01]} Nf6 {[%emt 0:00:02]} 14. Qe3 {[%emt 0:00:01]} Nd4 {[%emt 0:00:02]} 15. Qd2 {[%emt 0:00:07]} Rc8 {[%emt 0:00:02]} 16. b4 {[%emt 0:00:04]} d5 {[%emt 0:00:03]} 17. e5 {[%emt 0:00:05]} Nd7 {[%emt 0:00:02]} 18. Na4 {[%emt 0:00:01]} Nxc2+ {[%emt 0:00:02]} 19. Qxc2 {[%emt 0:00:02]} Rxc2 {[%emt 0:00:01]} 20. Nxb6 {[%emt 0:00:01]} Nxb6 {[%emt 0:00:00]} 21. O-O {[%emt 0:00:02]} Nc4 {[%emt 0:00:02]} 22. Kh2 {[%emt 0:00:08]} g6 {[%emt 0:00:01]} 23. Rf3 {[%emt 0:00:01]} Be7 {[%emt 0:00:01]} 24. Be3 {[%emt 0:00:01]} Nxe3 {[%emt 0:00:02]} 25. Rxe3 {[%emt 0:00:01]} O-O {[%emt 0:00:01]} 26. Rd1 {[%emt 0:00:01]} Rfc8 {[%emt 0:00:01]} 27. Rdd3 {[%emt 0:00:01]} Rb2 {[%emt 0:00:02]} 28. Rc3 {[%emt 0:00:03]} Rc2 {[%emt 0:00:01]} 29. Rxc8+ {[%emt 0:00:02]} Rxc8 {[%emt 0:00:01]} 30. Ne2 {[%emt 0:00:00]} Rc2 {[%emt 0:00:02] Time (Lag: Av=0.69s, max=2.7s)} 0-1

[Event "Stay Safe Play From Home 317"]
[Site "Emanuel Lasker Arena"]
[Date "2020.07.20"]
[Round "1"]
[White "Klasman"]
[Black "Haxhi Baha"]
[Result "0-1"]
[WhiteElo "1351"]
[BlackElo "2015"]
[Annotator "TA"]
[PlyCount "28"]
[EventDate "2020.07.20"]
[EventType "swiss (blitz)"]

{[%evp 9,28,11,20,-118,-10,-16,21,3,16,-140,-14,-86,-75,-108,-79,-123,-113,-485,-489,-477,-489]} 1. f4 e5 2. fxe5 d6 3. Nf3 Bg4 4. e4 Nc6 5. Bc4 dxe5 6. d4 {[#] C30: King's Gambit Declined.} (6. d3 $11) 6... Bxf3 $146 (6... f5 $17 7. O-O Nxd4 8. exf5 Nxf3+ 9. gxf3 Qxd1 10. Rxd1 Bxf3) ({Predecessor:} 6... Nxd4 7. O-O Nxf3+ 8. gxf3 Qxd1 9. Rxd1 Bxf3 10. Bxf7+ Kxf7 11. Rf1 Bc5+ 12. Rf2 Bxf2+ 13. Kxf2 Bxe4 {0-1 (36) Szymanska,J (1253)-Rocek,L (1030) Jastrzebie Zdroj 2019}) 7. Qxf3 $11 {[%csl Gc4][%cal Rf3f7] [#]} Nf6 8. d5 {The position is equal.} Nd4 9. Qd1 $2 (9. Qd3 $11) 9... Bc5 (9... Nxe4 $17 10. O-O Bc5) 10. Bg5 ({Much worse is} 10. c3 Nxe4 11. g3 (11. cxd4 Qh4+ 12. g3 Nxg3 $17 {[%mdl 64] Pin}) 11... Nf5 $17) (10. Nd2 $11 {remains equal.} Qd7 11. c3) 10... h6 $36 {[%mdl 2048] Black has strong initiative.} 11. Bh4 g5 12. Bg3 Nxe4 13. Bxe5 $2 {[%mdl 8192]} (13. Nd2 $17 {is more resistant.} Nd6 14. c3) 13... Qe7 $19 ({Less strong is} 13... Nf2 14. Kxf2 Nc6+ 15. Ke1 $17) 14. Bxh8 {[#] Threatens to win with Qd3.} Nc3+ {[%mdl 64] Discovered Attack. Accuracy: White =  9%, Black = 41%.} 0-1

[Event "Stay Safe Play From Home 317"]
[Site "Emanuel Lasker Arena"]
[Date "2020.07.20"]
[Round "1"]
[White "Declan 1234"]
[Black "SoulofWolf"]
[Result "0-1"]
[WhiteElo "1263"]
[BlackElo "2160"]
[Annotator "NA RC"]
[PlyCount "50"]
[EventDate "2020.07.20"]
[EventType "swiss (blitz)"]

1. e4 {[%emt 0:00:02]} d5 {[%emt 0:00:00]} 2. exd5 {[%emt 0:00:03]} Nf6 {[%emt 0:00:00]} 3. Nc3 {[%emt 0:00:01]} Nxd5 {[%emt 0:00:01]} 4. Nxd5 {[%emt 0:00:00]} Qxd5 {[%emt 0:00:01]} 5. Nf3 {[%emt 0:00:00]} g6 {[%emt 0:00:00]} 6. d4 {[%emt 0:00:02]} Bg7 {[%emt 0:00:00]} 7. c3 {[%emt 0:00:01]} O-O {[%emt 0:00:01]} 8. Bf4 {[%emt 0:00:02]} Bg4 {[%emt 0:00:02]} 9. Be2 {[%emt 0:00:03]} c5 {[%emt 0:00:02]} 10. O-O {[%emt 0:00:03]} cxd4 {[%emt 0:00:02]} 11. cxd4 {[%emt 0:00:03]} Nc6 {[%emt 0:00:02]} 12. Be3 {[%emt 0:00:10]} Rad8 {[%emt 0:00:03]} 13. Qb3 {[%emt 0:00:07]} Qxb3 {[%emt 0:00:04]} 14. axb3 {[%emt 0:00:01]} Bxf3 {[%emt 0:00:08]} 15. Bxf3 {[%emt 0:00:02]} Bxd4 {[%emt 0:00:01]} 16. Bxd4 {[%emt 0:00:01]} Rxd4 {[%emt 0:00:01]} 17. Rad1 {[%emt 0:00:02]} Rb4 {[%emt 0:00:04]} 18. Bxc6 {[%emt 0:00:06]} bxc6 {[%emt 0:00:00]} 19. Rd3 {[%emt 0:00:02]} e6 {[%emt 0:00:03]} 20. Rfd1 {[%emt 0:00:00]} a5 {[%emt 0:00:04]} 21. Rc3 {[%emt 0:00:02]} Rb6 {[%emt 0:00:02]} 22. Rd6 {[%emt 0:00:01]} Rfb8 {[%emt 0:00:03]} 23. Rdxc6 {[%emt 0:00:01]} Rxb3 {[%emt 0:00:00]} 24. Rc8+ {[%emt 0:00:02]} Kg7 {[%emt 0:00:03]} 25. Rxb8 {[%emt 0:00:02]} Rxb8 {[%emt 0:00:00] Zeit (Lag: Av=0.68s, max=1.5s)} 0-1

[Event "Stay Safe Play From Home 317"]
[Site "Emanuel Lasker Arena"]
[Date "2020.07.20"]
[Round "2"]
[White "NTBT_DHS"]
[Black "Mr bh6"]
[Result "1-0"]
[WhiteElo "2497"]
[BlackElo "2365"]
[Annotator "TA"]
[PlyCount "105"]
[EventDate "2020.07.20"]
[EventType "swiss (blitz)"]

{[%evp 9,105,0,28,13,22,-19,18,0,59,37,29,16,452,445,453,451,441,441,442,454,449,453,450,431,431,431,443,446,452,454,456,446,508,504,595,595,591,591,588,590,687,676,713,703,835,768,933,875,906,781,863,803,986,981,1829,1041,1024,1011,1409,1406,1670,1670,1520,1432,1613,1496,1488,1435,1775,1528,1699,1695,1827,1775,1696,1700,2649,2178,1406,1352,29977,1722,29979,29980,29980,29981,29981,29981,29984,29983,29985,29986,29990,29991,29991,29990,29990,29991]} 1. d4 e6 2. Nc3 f5 3. Bf4 Nf6 4. h4 b6 {[#]} 5. h5 $146 ({Predecessor:} 5. Nf3 Bb7 6. e3 Bb4 7. a3 Bxc3+ 8. bxc3 d6 9. Bc4 Qe7 10. h5 Ne4 11. Qd3 {0-1 (42) Tran,M (1972)-Radnai,A (2181) Budapest 2010}) 5... Bb7 6. h6 {A80: Dutch Defence: Unusual White second moves.} g6 7. Nf3 Be7 8. e3 {The position is equal.} d6 (8... Bb4 $11) 9. Bc4 d5 10. Bb5+ Nc6 $2 {[%mdl 8192] [#] A mistake that costs the game.} (10... c6 $11 {and Black has nothing to worry.}) 11. Ne5 $18 O-O 12. Bxc6 Bxc6 13. Nxc6 Qe8 14. Nxe7+ Qxe7 15. Bg5 Qd7 16. Bxf6 Rxf6 17. Qf3 Raf8 18. Qf4 R6f7 19. O-O-O a5 20. f3 a4 21. a3 c5 22. dxc5 bxc5 23. Qxa4 Qb7 24. Qb5 Qa7 25. Qc6 Re7 26. Nb5 Qa4 27. Qxc5 Ree8 28. Nc3 Qa6 29. Qd4 {[%csl Gh6][%cal Rd4g7] [#]} Rf7 30. e4 fxe4 31. fxe4 dxe4 32. Qxe4 e5 33. Rhe1 Qe6 34. Rd5 g5 35. Rxe5 Qxe5 36. Qxe5 Rxe5 37. Rxe5 {[%mdl 4096] Endgame KRN-KR} Rf1+ 38. Kd2 Rf2+ 39. Re2 Rf6 40. Ne4 Rxh6 41. Nxg5 Rb6 42. Kc1 Kg7 43. Ne6+ Kf6 44. Nd4 Kg5 45. c3 (45. b4 $142 Kf4 46. b5 Rb8 47. a4 Ra8 48. b6 Rxa4 49. b7 Rb4 50. Re7) 45... Kf4 46. b4 {[%cal Bb2b4,Bb4b5][%mdl 32] White mates.} Kg3 47. Kc2 h5 48. a4 {[%cal Ba3a4,Ba4a5][%mdl 32]} h4 49. a5 Rf6 50. b5 Rf2 51. Rxf2 Kxf2 52. Nf3 Kxg2 53. Nxh4+ {Accuracy: White = 92%, Black = 47%.} 1-0

[Event "Stay Safe Play From Home 317"]
[Site "Emanuel Lasker Arena"]
[Date "2020.07.20"]
[Round "2"]
[White "AChessPlayer"]
[Black "Greblha"]
[Result "1-0"]
[WhiteElo "2431"]
[BlackElo "1916"]
[Annotator "TA"]
[PlyCount "89"]
[EventDate "2020.07.20"]
[EventType "swiss (blitz)"]

{[%evp 14,89,-6,-10,35,31,44,19,18,29,122,119,150,137,137,131,155,153,143,131,138,113,269,130,157,121,275,264,234,116,136,119,119,119,119,105,119,117,156,145,152,142,145,109,137,84,82,84,260,279,266,80,84,0,66,53,64,74,47,0,0,-16,173,172,161,168,141,145,29987,29988,29988,29983,29990,29991,29993,29994,29994,29995]} 1. e3 c6 2. Nf3 d5 3. d4 Nf6 4. c4 g6 5. Nc3 Bg7 6. b3 O-O 7. Bd3 Bg4 8. O-O Bxf3 {D94: Grünfeld: 4 Nf3 Bg7 5 e3.} 9. Qxf3 e6 {[#]} 10. a4 $146 ({Predecessor:} 10. Bb2 Nbd7 11. Rfd1 Re8 12. e4 dxe4 13. Nxe4 Nxe4 14. Qxe4 Nf6 15. Qe3 Qc7 16. h3 {1-0 (40) Marley,A (1854)-Smith,D (1726) England 2011}) 10... Nbd7 {The position is equal.} 11. Ba3 a6 (11... Re8 $11) 12. Bxf8 $16 Nxf8 13. Rad1 h5 14. Bc2 Bh6 15. e4 dxe4 16. Nxe4 Nxe4 17. Bxe4 {Strongly threatening d5.} Nd7 $2 (17... Qd6 $16 18. Qg3 Qb4) 18. Bc2 (18. d5 $18 Qe7 19. dxc6) 18... Nf6 19. Rfe1 Ng4 $2 (19... Bg7 $16 {keeps fighting.} 20. g3 Qd6) 20. h3 $18 Nf6 21. Qe2 (21. Be4 $18 {has better winning chances.}) 21... Kg7 22. Rd3 Bf4 23. Red1 Bc7 24. Rf3 Qd6 25. g3 Nh7 26. h4 Nf6 27. Kg2 Ng4 28. Rf4 Re8 29. Rxg4 (29. Qe1 $142) 29... hxg4 $16 30. Qxg4 c5 $2 {[#]} (30... Rh8 $16) 31. h5 $1 $18 {[%cal Rh5g6]} cxd4 32. hxg6 $2 (32. Rxd4 $18 {is more deadly.} Qe7 {[#]} 33. Bxg6 $1 {[%mdl 512]}) 32... f5 $16 33. Qg5 (33. Qf3 $16 {Threatens to win with Rh1.} Qc6 34. g4 (34. Rxd4 Qxf3+ 35. Kxf3 Rd8 $16)) 33... Bd8 (33... Rh8 $11) 34. Qd2 $14 {Black must now prevent Rh1.} Kxg6 35. Rh1 $36 {[%mdl 2048] Threatening mate with Qh6+. White is really pushing.} Qc6+ 36. f3 Bg5 37. Qe2 e5 $2 (37... Kf6 $11 {and Black has nothing to worry.}) 38. g4 $18 e4 {( -> ...exf3+)} 39. gxf5+ Kxf5 {Threatening ...d3.} 40. Bxe4+ Qxe4 $4 {[%mdl 8192]} (40... Kf6 $16 41. Qd3 Qc5) 41. fxe4+ {White mates.} Rxe4 42. Rf1+ Ke5 {[#]} 43. Qh5 $1 Re2+ 44. Qxe2+ Kd6 45. Rf5 {Accuracy: White = 56%, Black = 46%.} 1-0